<?xml version="1.0" encoding="UTF-8"?>
<record
    xmlns:xsi="http://www.w3.org/2001/XMLSchema-instance"
    xsi:schemaLocation="http://www.loc.gov/MARC21/slim http://www.loc.gov/standards/marcxml/schema/MARC21slim.xsd"
    xmlns="http://www.loc.gov/MARC21/slim">

  <leader>01371nam a22003137a 4500</leader>
  <controlfield tag="005">20170615020002.0</controlfield>
  <controlfield tag="008">010620m20139999ck ab  frb    001 0 spa d</controlfield>
  <datafield tag="020" ind1=" " ind2=" ">
    <subfield code="a">9789587615067</subfield>
  </datafield>
  <datafield tag="041" ind1=" " ind2=" ">
    <subfield code="a">spa</subfield>
  </datafield>
  <datafield tag="044" ind1=" " ind2=" ">
    <subfield code="a">ck</subfield>
  </datafield>
  <datafield tag="082" ind1="0" ind2="4">
    <subfield code="a">574.52</subfield>
    <subfield code="b">C718c</subfield>
  </datafield>
  <datafield tag="245" ind1="0" ind2="0">
    <subfield code="a">Colombia diversidad bi&#xF3;tica XIII : </subfield>
    <subfield code="b">Complejo cenagoso Zapatosa y ci&#xE9;nagas del Sur del Cesar - biodiversidad, conservaci&#xF3;n y manejo :</subfield>
    <subfield code="c">editor J. Orlando Rangel Ch.</subfield>
  </datafield>
  <datafield tag="260" ind1=" " ind2=" ">
    <subfield code="a">Bogot&#xE1;</subfield>
    <subfield code="b">Universidad Nacional de Colombia. Instituto de Ciencias Naturales.</subfield>
    <subfield code="c">2013</subfield>
  </datafield>
  <datafield tag="300" ind1=" " ind2=" ">
    <subfield code="a">707 p.</subfield>
    <subfield code="b">il., mapas.</subfield>
    <subfield code="c">25 cm. +</subfield>
    <subfield code="e">7 mapas </subfield>
  </datafield>
  <datafield tag="504" ind1=" " ind2=" ">
    <subfield code="a">Incluye referencias bibliogr&#xE1;ficas e &#xED;ndices</subfield>
  </datafield>
  <datafield tag="505" ind1=" " ind2=" ">
    <subfield code="a">Aspectos F&#xED;sicos</subfield>
  </datafield>
  <datafield tag="546" ind1=" " ind2=" ">
    <subfield code="a">Con res&#xFA;menes en ingl&#xE9;s.</subfield>
  </datafield>
  <datafield tag="650" ind1="1" ind2="7">
    <subfield code="a">Diversidad biol&#xF3;gica</subfield>
    <subfield code="z">Cesar (Dpt. Colombia).</subfield>
    <subfield code="9">26257</subfield>
  </datafield>
  <datafield tag="650" ind1="1" ind2="7">
    <subfield code="a">Biodiversidad</subfield>
    <subfield code="z">Cesar (Dpt. Colombia).</subfield>
    <subfield code="9">26258</subfield>
  </datafield>
  <datafield tag="650" ind1="1" ind2="7">
    <subfield code="a">Flora</subfield>
    <subfield code="z">Cesar (Dpt. Colombia).</subfield>
    <subfield code="9">26259</subfield>
  </datafield>
  <datafield tag="650" ind1="1" ind2="7">
    <subfield code="a">Fauna</subfield>
    <subfield code="z">Cesar (Dpt. Colombia).</subfield>
    <subfield code="9">26260</subfield>
  </datafield>
  <datafield tag="650" ind1="1" ind2="7">
    <subfield code="a">Ecolog&#xED;a</subfield>
    <subfield code="z">Cesar (Dpt. Colombia).</subfield>
    <subfield code="9">26261</subfield>
  </datafield>
  <datafield tag="650" ind1="1" ind2="7">
    <subfield code="a">Batimet&#xED;a</subfield>
    <subfield code="z"> Regi&#xF3;n Caribe (Colombia).</subfield>
    <subfield code="9">26262</subfield>
  </datafield>
  <datafield tag="650" ind1="1" ind2="7">
    <subfield code="a">Limnolog&#xED;a</subfield>
    <subfield code="z"> Regi&#xF3;n Caribe (Colombia).</subfield>
    <subfield code="9">26263</subfield>
  </datafield>
  <datafield tag="651" ind1=" " ind2="4">
    <subfield code="a">Colombia</subfield>
    <subfield code="z">Ci&#xE9;naga Zapatosa</subfield>
    <subfield code="9">26264</subfield>
  </datafield>
  <datafield tag="700" ind1="1" ind2=" ">
    <subfield code="a">Rangel Churio, Jes&#xFA;s O.</subfield>
    <subfield code="d">1950-</subfield>
    <subfield code="e">ed.</subfield>
    <subfield code="9">26265</subfield>
  </datafield>
  <datafield tag="710" ind1="2" ind2=" ">
    <subfield code="a">Universidad Nacional de Colombia (Bogot&#xE1;)</subfield>
    <subfield code="b">Instituto de Ciencias Naturales</subfield>
    <subfield code="9">26266</subfield>
  </datafield>
  <datafield tag="942" ind1=" " ind2=" ">
    <subfield code="2">ddc</subfield>
    <subfield code="c">LIBRO</subfield>
    <subfield code="0">3</subfield>
  </datafield>
  <datafield tag="999" ind1=" " ind2=" ">
    <subfield code="c">8645</subfield>
    <subfield code="d">8645</subfield>
  </datafield>
  <datafield tag="952" ind1=" " ind2=" ">
    <subfield code="0">0</subfield>
    <subfield code="1">0</subfield>
    <subfield code="2">ddc</subfield>
    <subfield code="4">0</subfield>
    <subfield code="7">0</subfield>
    <subfield code="8">GENERAL</subfield>
    <subfield code="I">INV2017</subfield>
    <subfield code="a">Bogota</subfield>
    <subfield code="b">Bogota</subfield>
    <subfield code="d">2014-08-30</subfield>
    <subfield code="e">Instituto</subfield>
    <subfield code="g">39000.00</subfield>
    <subfield code="l">4</subfield>
    <subfield code="o">LB-574.52 C718c</subfield>
    <subfield code="p">038290</subfield>
    <subfield code="r">2018-05-03 00:00:00</subfield>
    <subfield code="s">2018-05-03</subfield>
    <subfield code="t">V. 13 Ej. 1</subfield>
    <subfield code="w">2014-08-30</subfield>
    <subfield code="x">Canje</subfield>
    <subfield code="y">LIBRO</subfield>
  </datafield>
</record>
